000 03612cam a2200301 4500500
005 20251228052942.0
041 _afre
042 _adc
100 1 0 _aImbert, Christophe
_eauthor
245 0 0 _aAncrage et proximités familiales dans les villes nouvelles franciliennes : une approche comparative
260 _c2005.
500 _a94
520 _aRésuméLes villes nouvelles franciliennes avaient pour projet de constituer de véritables bassins de vie au sein de la grande couronne. Trente-cinq ans après leur lancement, il apparaît que les Franciliens se sont ancrés dans les villes nouvelles d’une manière spécifique. Cette spécificité relève principalement de la centralité qui fonde ces espaces urbains et du caractère massif de leur peuplement. Si la venue en ville nouvelle a signifié avant tout l’accès à la propriété, les femmes ont pu y trouver un lieu de recours pour se loger au moment d’une séparation conjugale. Il est en outre significatif que les personnes venant vivre dans une ville nouvelle s’y sont plus souvent fixées que ne l’ont fait les autres habitants de la grande couronne, ce indépendamment de leur statut social ou de la nature de leur logement. Peut-être cet ancrage est-il dû à une plus grande proximité de leurs enfants, mise ici en évidence, après leur décohabitation ?
520 _aNew towns were intended for generating full living spaces within Paris large metropolitan area. Thirty five years later, the former settlers seem to be deep-rooted in their new town. It can be explained by both the creation of centrality in these new urban areas and the large scale of this settlement. If the settlement in a new town meant first affordable home-ownership, it offered later on opportunities for a new housing, for instance after a marital breakdown. Inside new towns, residential turn-over is lower than anywhere else within Paris metropolitan area, whatever the dwellers’ social and housing circumstances. This residential embeddedness might be related with family propinquity, as children tend to live in the neighbourhood when they leave the parental home, as it is evidenced in the paper.
520 _aResumenLas « villes nouvelles »tenían como meta inicial hacer auténticos lugares de vida en medio de las cercanías parisinas. Treinta y cinco años después, la realidad es que los habitantes se han instalado de un modo original en estos « barrios » debido a sus características principales: una fuerte centralidad y un processo de repoblación veloz. Si la llegada en una « ville nouvelle » fue, para muchas personas, sinónimo de un accesso a la propriedad, fue también para las mujeres un lugar para vivir después de una separación. Es preciso notar que las personas viviendo en esos « barrios » suelen quedarse mas tiempo que los otros ciudadanos de las cercanías independamente de su estatuto social o de las caracteristicas de la vivienda. Es posible que el enraizamiento de estas sea debido a la proximidad con los hijos a partir del momento de la separación, subrayada en este trabajo
690 _afamilles
690 _aÎle-de-France
690 _amobilité résidentielle
690 _aprocessus d'urbanisation
690 _avilles nouvelles
690 _akinship
690 _anew town
690 _aParis
690 _aresidential mobility
690 _aurbanisation
786 0 _nEspaces et sociétés | 119 | 4 | 2005-03-01 | p. 159-176 | 0014-0481
856 4 1 _uhttps://shs.cairn.info/revue-espaces-et-societes-2004-4-page-159?lang=fr&redirect-ssocas=7080
999 _c1584884
_d1584884